Web surfing enabled for disabled people (Record no. 73196)
[ view plain ]
| 000 -LEADER | |
|---|---|
| fixed length control field | 00865cam a2200217 4500 |
| 001 - CONTROL NUMBER | |
| control field | ABS66875 |
| 008 - FIXED-LENGTH DATA ELEMENTS--GENERAL INFORMATION | |
| fixed length control field | 030808n2003 000 0 eng u |
| 035 ## - SYSTEM CONTROL NUMBER | |
| System control number | (Sirsi) u123244 |
| 100 ## - MAIN ENTRY--PERSONAL NAME | |
| Personal name | Booty, F. |
| 245 ## - TITLE STATEMENT | |
| Title | Web surfing enabled for disabled people |
| 260 ## - PUBLICATION, DISTRIBUTION, ETC. | |
| Date of publication, distribution, etc. | 2003 |
| 490 ## - SERIES STATEMENT | |
| Series statement | RICS Facilities Management Faculty Feature |
| Volume/sequential designation | 6 August 2003 (3) |
| 520 ## - SUMMARY, ETC. | |
| Summary, etc. | Notes that all businesses providing a service through their websites need to ensure that those websites are accessible for people with visual imparements in order to comply with the Disability Discrimination Act 1995 Part III, which comes into force on October 2004. |
| 590 ## - LOCAL NOTE (RLIN) | |
| Local note | ABS |
| 650 ## - SUBJECT ADDED ENTRY--TOPICAL TERM | |
| Topical term or geographic name entry element | BLIND PEOPLE |
| 650 ## - SUBJECT ADDED ENTRY--TOPICAL TERM | |
| Topical term or geographic name entry element | DISABILITY DISCRIMINATION ACT 1995 PART III |
| 650 ## - SUBJECT ADDED ENTRY--TOPICAL TERM | |
| Topical term or geographic name entry element | VISUALLY IMPAIRED PEOPLE |
| 650 ## - SUBJECT ADDED ENTRY--TOPICAL TERM | |
| Topical term or geographic name entry element | WEBSITES |
| 690 ## - LOCAL SUBJECT ADDED ENTRY--TOPICAL TERM (OCLC, RLIN) | |
| Topical term or geographic name as entry element | MANAGEMENT-BUSINESS MANAGEMENT |
| 942 ## - ADDED ENTRY ELEMENTS (KOHA) | |
| Suppress in OPAC | 0 |
| Withdrawn status | Lost status | Source of classification or shelving scheme | Damaged status | Not for loan | Home library | Current library | Shelving location | Date acquired | Total Checkouts | Full call number | Barcode | Date last seen | Copy number | Price effective from | Koha item type |
|---|---|---|---|---|---|---|---|---|---|---|---|---|---|---|---|
| Dewey Decimal Classification | London | London | Journal article | 08/08/2003 | ABS66875 | 123244-1001 | 06/08/2019 | 1 | 06/08/2019 | Journal article |